Les Mentors Assassins connus dans Assassin's Creed - Statistiques

Statistiques générales
  • Ce quiz a été pris 38 fois
  • Le résultat moyen est 4 sur 36
Statistiques - réponses
Confrérie affiliée Dates de fonction Mentor % Correct
Confrérie Italienne des Assassins 1503 - 1513 Ezio Auditore de Firenze
83%
Confrérie Levantine des Assassins 1191 - 12711247 - 1257 Altaïr Ibn-La'Ahad
79%
Confrérie Egyptienne des Assassins -47 - ? Bayek de Siwa
76%
Confrérie Levantine des Assassins 1176 - 1191 Al Mualim
38%
Confrérie Egyptienne des Assassins 1794 - ? Al Mualim
38%
Monde entier 2015 - actuelle William Miles
24%
Confrérie Romaine des Assassins -47 - ? Amunet
21%
Confrérie Levantine des Assassins 1225 - 1247 Abbas Sofian
17%
Confrérie Coloniale des Assassins 1746 - 1763 Achilles Davenport
10%
Confrérie Espagnole des Assassins ? Aguilar de Nerha
7%
Confrérie Française des Assassins ? - 1791 Honoré-Gabriel Riqueti de Mirabeau
7%
Confrérie Levantine des Assassins 1217 - 1228 Malik al-Sayf
7%
Confrérie Italienne des Assassins 1500 - 1503 Niccolo Machiavelli
7%
Confrérie Française des Assassins 1307 - ? Thomas de Carneillon
7%
Confrérie Caribéenne des Assassins 1713 - 1745 Ah Tabai
3%
Confrérie Chinoise des Assassins 1532 - ? Shao Jun
3%
Confrérie Louisianais des Assassins 1759 - 1777 Agaté
0%
Confrérie Caribéenne des Assassins 1673 - 1713 Bahlam
0%
Confrérie Espagnole des Assassins ? - 1492 Benedicto
0%
Confrérie Haitienne des Assassins 1732 - 1758 François Mackandal
0%
Confrérie Française des Assassins 1307 - ? Guillaume de Nogaret
0%
Confrérie Indienne des Assassins 1839 - ? Hamid
0%
Confrérie Ottomane des Assassins 1490 - ? Ishak Pasha
0%
Confrérie Egyptienne des Assassins 1511 - ? Iskender
0%
Confrérie Chinoise des Assassins 1259 - ? Kang
0%
Confrérie Japonaise des Assassins ? - 2013 Kenichi Mochizuki
0%
Monde entier ? - 2000 Le Mentor
0%
Confrérie Italienne des Assassins 1513 - ? Ludovico Ariosto
0%
Confrérie Russe des Assassins ? - 2014 Medeya Voronina
0%
Confrérie Levantine des Assassins ? Mujir
0%
Confrérie Britannique des Assassins 1714 - ? Phillip Randall
0%
Confrérie Japonaise des Assassins 2013 - actuelle Saeko Mochizuki
0%
Confrérie Scandinave des Assassins 984 - ? Torgny
0%
Confrérie Chinoise des Assassins 1524 - 1529 Wang Yangming
0%
Confrérie Française des Assassins 1429 - ? Yolande d'Aragon
0%
Confrérie Chinoise des Assassins ? - 1524 Zhu Jiuyuan
0%
Aucun quiz correspondant
Distribution des résultats
% des personnes avec chaque résultat
Percentile par nombre de réponses
Votre historique - résultats
Vous n’avez pas pris ce quiz